George Benson-nothing gonna change my love for you lyrics - Statistics

General Stats
  • This quiz has been taken 5 times
  • The average score is 322 of 383
Answer Stats
Answer % Correct
A
100%
All
100%
And
100%
Be
100%
But
100%
Can
100%
Change
100%
Don't
100%
For
100%
Go
100%
Gonna
100%
How
100%
I
100%
Know
100%
Live
100%
Love
100%
Me
100%
Much
100%
My
100%
Not
100%
Nothing
100%
One
100%
So
100%
The
100%
To
100%
Want
100%
We
100%
With
100%
Without
100%
You
100%
By
75%
Had
75%
Have
75%
Hold
75%
If
75%
Life
75%
Never
75%
Now
75%
Oughta
75%
See
75%
Strong
75%
Sure
75%
Thing
75%
Us
75%
Where
75%
Your
75%
Ask
50%
Been
50%
Both
50%
Clearly
50%
Empty
50%
Felt
50%
Forever
50%
In
50%
Is
50%
It
50%
Long
50%
May
50%
More
50%
Near
50%
Of
50%
Oh
50%
Our
50%
Seem
50%
Take
50%
Than
50%
This
50%
Through
50%
Touch
50%
Will
50%
Would
50%
Young
50%
Before
25%
Come
25%
Days
25%
Dreams
25%
Like
25%
Might
25%
Nights
25%
They'll
25%
Too
25%
Way
25%
Whole
25%
World
25%
Ahead
0%
Easy
0%
Guiding
0%
Help
0%
Lead
0%
Road
0%
Share
0%
Star
0%
View
0%
No matching quizzes found
Score Distribution
Percent of People with Each Score
Percentile by Number Answered
Your Score History
You have not taken this quiz